| 000 | 00366nam a22001577a 4500 | ||
|---|---|---|---|
| 999 |
_c532103 _d532103 |
||
| 003 | NUST | ||
| 005 | 20191108113042.0 | ||
| 008 | 191108b ||||| |||| 00| 0 eng d | ||
| 038 | _aMSOHAIL | ||
| 082 | _a0 | ||
| 100 |
_aMian Farooq Inayat _913370 |
||
| 245 | _aHaqeeqat Ki Talash | ||
| 260 |
_aAttock _bSarmad Ikadmi _cc2013 |
||
| 300 | _ap;664 | ||
| 942 |
_2ddc _cBK |
||